Marvel Cinematic Universe: Members of the New Avengers by Picture - Statistics

General Stats
  • This quiz has been taken 54 times
  • The average score is 6 of 7
Answer Stats
Picture Answer % Correct
Bucky Barnes
95%
Yelena Belova
92%
Red Guardian
87%
Ghost
82%
John Walker
82%
Sentry
79%
Contessa Valentina Allegra de Fontaine
72%
No matching quizzes found
Score Distribution
Percent of People with Each Score
Percentile by Number Answered
Your Score History
You have not taken this quiz